Представление документа в формате MARC21

Поле Инд. ПП Название Значение
Тип записи a
Библиографический уровень b
001 Контрольный номер 337c8c4cdeef4c07a1e38cf1764f8429
005 Дата корректировки 20250109152752.7
080 a Индекс УДК 378:811.161.1-054.6
097 b Оператор *Плё*
100 1_ a Автор Нефедьева В.С.
245 10 a Заглавие Специфика и трудности педагогического общения при обучении иностранцев русскому языку на предвузовском этапе
p Название части/ раздела Текст : электронный
b Продолж. заглавия статья
260 a Место издания Тверь
b Издательство ТвГТУ
c Дата издания 2024
520 0_ a Аннотация Отражены особенности и трудности обучения иностранцев русскому языку на предвузовском этапе в условиях подготовительного отделения. Приведены сведения об учебном плане, практике формирования учебных подгрупп, организации учебного процесса с иностранными студентами. Описаны возможные затруднения и барьеры в общении и учебном взаимодействии преподавателя и обучаемых. Представлен опыт адаптации иностранных обучаемых к новым социокультурным реалиям, даны некоторые рекомендации по снятию указанных барьеров в условиях учебно-воспитательной работы, проводимой с иностранными обучаемыми. Отмечено, что в разные годы на подготовительном отделении Тверского государственного технического университета получали образование представители более 40 стран, расположенных в разных частях света (в Азии, Африке, на Ближнем Востоке и в Латинской Америке).
653 0_ a Ключевые слова Русский язык
a Ключевые слова Иностранные учащиеся
a Ключевые слова Предвузовское обучение
a Ключевые слова Педагогическое общение
a Ключевые слова Взаимодействие
a Ключевые слова Барьеры общения
a Ключевые слова Азия
a Ключевые слова Африка
a Ключевые слова Ближний Восток
a Ключевые слова Латинская Америка
a Ключевые слова Общенаучные дисциплины
a Ключевые слова Коммуникативные проблемы
a Ключевые слова Учебный план
700 12 a Другие авторы Грязнова В.В.
700 12 a Другие авторы Сварчевская Т.В.
773 18 w Контрольный № источника c4e9939318e24bb2b11a4700379ef408
t Название источника Обучение иностранцев в вузе и на этапе довузовской подготовки: тенденции и инновации
d Место и дата издания Тверь : ТвГТУ, 2024
z ISBN 978-5-7995-1354-2
g Прочая информация С. 18-23
900 a Имя макрообъекта 001-000161746-000000000-0000-0000-01
901 t Тип документа a
950 a Редактор записи вш
951 i EL-ТГТУ? да